ბათუმის შოთა რუსთაველის სახელმწიფო უნივერსიტეტის ბიბლიოთეკა

უფლისციხე : (ბიბ.ჩანაწერი № 59913)

000 -ლიდერი
ფიქსირებული სიგრძის საკონტროლო ველი 02229nam a22002537a 4500
003 - საკონტროლო ნომრის იდენტიფიკატორი
საკონტროლო ველი Ge_BSU
005 - ბოლო ოპერაციის თარიღი და დრო
საკონტროლო ველი 20230510115817.0
008 - ფიქსირებული სიგრძის მონაცემთა ელემენტები - ზოგადი ინფორმაცია
ფიქსირებული სიგრძის საკონტროლო ველი 230510s2002 ge ||||| |||| 00| 0 geo d
020 ## - წიგნის საერთაშორისო სტანდარტული ნომერი
International Standard Book Number 9992897589
041 ## - ენის კოდი
Language code of text/sound track or separate title geo
080 ## - უნივერსალური ათობითი კლასიფიკაციის ინდექსი
Universal Decimal Classification number 903.35(479.22)+725.1 ს-26
100 ## - მთავარი ჩანაწერი - პიროვნების სახელი
Personal name სანიკიძე, თამაზ
9 (RLIN) 18066
245 ## - ცნობა სათაურის შესახებ
Title უფლისციხე :
Remainder of title ნარკვევი ქართული ხუროთმოძღვრების ისტორიიდან /
Statement of responsibility, etc თამაზ სანიკიძე ; რედაქტორი პ. ზაქარაია ; მხატვარი გ. წერეთელი ; საქართველოს მეცნიერებათა აკადემია, გიორგი ჩუბინაშვილის სახ. ქართული ხელოვნების ისტორიის ინსტიტუტი, საქართველოს ხელოვნების სახელმწიფო მუზეუმი.
264 ## - წარმოების, გამოცემის, დისტრიბუციის და სხვა ცნობები
გამოცემის, წარმოების, დისტრიბუციის... ადგილი თბილისი :
გამოცემის, წარმოების, დისტრიბუციის... სახელწოდება უნივერსალი,
გამოცემის, წარმოების, დისტრიბუციის... თარიღი 2002.
300 ## - ფიზიკური აღწერა
Extent 252 გვ. :
Other physical details 80 ტაბ. ;
Dimensions 25 სმ.
500 ## - ზოგადი შენიშვნა
General note ეძღვნება აკადემიკოს ვახტანგ ბერიძის ხსოვნას
504 ## - BIBLIOGRAPHY, ETC. NOTE
Bibliography, etc ბიბლიოგრაფია ტექსტის შენიშვნებში.
520 ## - SUMMARY, ETC.
Summary, etc რეზიუმე რუსულ და ინგლისურ ენებზე
653 ## - INDEX TERM--UNCONTROLLED
Uncontrolled term ციხე-სიმაგრეები საქართველოში
700 ## - ADDED ENTRY--PERSONAL NAME
Personal name ზაქარაია, პ.
Relator term რედაქტორი
9 (RLIN) 305
700 ## - ADDED ENTRY--PERSONAL NAME
Personal name წერეთელი, გ.
Relator term მხატვარი
9 (RLIN) 18067
710 ## - ADDED ENTRY--CORPORATE NAME
Corporate name or jurisdiction name as entry element საქართველოს მეცნიერებათა აკადემია.
Subordinate unit გიორგი ჩუბინაშვილის სახ. ქართული ხელოვნების ისტორიის ინსტიტუტი. საქართველოს ხელოვნების სახელმწიფო მუზეუმი.
9 (RLIN) 18068
942 ## - ADDED ENTRY ELEMENTS (KOHA)
Source of classification or shelving scheme
Koha item type წიგნი
ეგზემპლარები
ჩამოწერის სტატუსი დაკარგული ეგზემპლარის სტატუსი კლასიფიკაციის წყარო ან თაროზე გაწყობის სქემა დაზიანების სტატუსი არ გაიცემა მუდმივი მდებარეობა (დაცვის ადგილი) ამჟამინდელი ადგილსამყოფელი თაროზე განთავსების ადგილი შეძენის თარიღი ღირებულება, შესყიდვის ნორმალური ფასი სრული შენახვის შიფრი შტრიხკოდი ბოლო ოპერაციის თარიღი ეგზემპლარის მიმდევრობითი ნომერი (კეტერი?) Uniform Resource Identifier ფასის ძალაში შესვლის თარიღი ეგზემპლარის სახეობა საჯარო შენიშვნა
          ბათუმის შოთა რუსთაველის სახელმწიფო უნივერსიტეტის მთავარი ბიბლიოთეკა ბათუმის შოთა რუსთაველის სახელმწიფო უნივერსიტეტის მთავარი ბიბლიოთეკა წიგნსაცავი 2023-05-10 15.00 903.35(479.22)+725.1 ს-26 64329 2023-05-10 64329 ბსუ-ს საპატიო დოქტორის გურამ ლორთქიფანიძის საჩუქარი 2023-05-10 წიგნი 15 ლ.